Online katalóg knižníc regiónu Turca

Boj o Zuzanu (Record no. 22482)

MARC details
000 -LEADER
fixed length control field 00875cam a2200301 a 4500
001 - CONTROL NUMBER
control field 22482
003 - CONTROL NUMBER IDENTIFIER
control field SK-KTurca
005 - DATE AND TIME OF LATEST TRANSACTION
control field 20260330141230.0
008 - FIXED-LENGTH DATA ELEMENTS--GENERAL INFORMATION
fixed length control field 251031s1993 xo 0000f slo
015 ## - NATIONAL BIBLIOGRAPHY NUMBER
National bibliography number SNBA1993/11
020 ## - INTERNATIONAL STANDARD BOOK NUMBER
International Standard Book Number 8021502517
035 ## - SYSTEM CONTROL NUMBER
System control number SNK000016090
040 ## - CATALOGING SOURCE
Original cataloging agency SNK
Language of cataloging slo
Transcribing agency SNK
Description conventions AACR2
041 1# - LANGUAGE CODE
Language code of text/sound track or separate title slo
Language code of original eng
044 ## - COUNTRY OF PUBLISHING/PRODUCING ENTITY CODE
MARC country code xo
ISO country code SK
080 ## - UNIVERSAL DECIMAL CLASSIFICATION NUMBER
Universal Decimal Classification number 820 (73)-3
Edition identifier 1981
100 1# - MAIN ENTRY--PERSONAL NAME
Personal name Bunting, Eve
Relationship aut
240 10 - UNIFORM TITLE
Uniform title Sharing Susan
Language of a work Slovensky
245 0# - TITLE STATEMENT
Title Boj o Zuzanu
Statement of responsibility, etc. Eve Bunting ; preložila Alexandra Šufliarska
250 ## - EDITION STATEMENT
Edition statement 1. vyd.
260 ## - PUBLICATION, DISTRIBUTION, ETC.
Place of publication, distribution, etc. Bratislava
Name of publisher, distributor, etc. Obzor
Date of publication, distribution, etc. 1993
Place of manufacture Žilina
Manufacturer Tlačiareň Rosa
300 ## - PHYSICAL DESCRIPTION
Extent 116 s.
Dimensions 20 cm
655 #7 - INDEX TERM--GENRE/FORM
Genre/form data or focus term americké romány
Source of term SNKPH
655 #7 - INDEX TERM--GENRE/FORM
Genre/form data or focus term dievčenské romány
Source of term SNKPH
700 1# - ADDED ENTRY--PERSONAL NAME
Personal name Šufliarska, Alexandra,
Dates associated with a name 1953-
Relationship trl
942 ## - ADDED ENTRY ELEMENTS (KOHA)
Source of classification or shelving scheme Dewey Decimal Classification
Koha item type Krásna literatúra pre dospelých
Suppress in OPAC No
Holdings
Stav vyradenia Strata Poškodenie Spôsob nadobudnutia Domovská knižnica Aktuálna knižnica Dátum nadobudnutia Total checkouts Čiarový kód exemplára Date last seen Typ exemplára
      Dar Obecná knižnica Horná Štubňa Obecná knižnica Horná Štubňa 30.03.2026   4736202046 30.03.2026 Krásna literatúra pre dospelých
Projekt je podporený Slovenskou asociáciou knižníc
Prevádzkuje Turčianska knižnica Martin 2026